An axiomatic design approach of nanofluid-engineered nuclear safety features for generation III+ react /
Đã lưu trong:
| Andre forfattere: | , , , |
|---|---|
| Format: | Bài viết |
| Sprog: | English |
| Fag: | |
| Tags: |
Tilføj Tag
Ingen Tags, Vær først til at tagge denne postø!
|
| Thư viện lưu trữ: | Thư viện Trường Đại học Đà Lạt |
|---|
| LEADER | 00993nam a2200325 4500 | ||
|---|---|---|---|
| 001 | DLU110117596 | ||
| 005 | ##20101221 | ||
| 040 | # | # | |a DLU |b eng |
| 041 | # | # | |a eng |
| 044 | # | # | |a ko |
| 245 | # | # | |a An axiomatic design approach of nanofluid-engineered nuclear safety features for generation III+ react / |c In Cheol Bang ... [et al.]. |
| 653 | # | # | |a Axiomatic design |
| 653 | # | # | |a In-vessel retention |
| 653 | # | # | |a Nanofluid |
| 653 | # | # | |a Nuclear safety features |
| 653 | # | # | |a Safety injection |
| 700 | # | # | |a Bang, In Cheol. |
| 700 | # | # | |a Heo, Gyunyoung. |
| 700 | # | # | |a Heo, Sun. |
| 700 | # | # | |a Jeong, Yong Hoon. |
| 773 | # | # | |t Nuclear engineering and technology |g Vol. 41, no. 9 (2009), p. 1157-1170 |
| 920 | # | # | |a Phòng Tạp chí -- Trung tâm Thông tin - Thư viện Trường Đại học Đà Lạt |
| 994 | # | # | |a DLU |
| 900 | # | # | |a True |
| 911 | # | # | |a Trương Bảo Trâm Anh |
| 925 | # | # | |a G |
| 926 | # | # | |a A |
| 927 | # | # | |a BB |
| 980 | # | # | |a Thư viện Trường Đại học Đà Lạt |